[Event "AUTO-ADV-4804"]
[Site "http://www.queenalice.com/game.php?id=1841848"]
[Date "2024.8.14"]
[Round "1"]
[White "Rafale2000"]
[Black "Rasumichin"]
[Result "1-0"]
[WhiteElo "2118"]
[BlackElo "1697"]

1. e4 e5 2. Nf3 Nc6 3. d4 d6 4. dxe5 Nxe5 5. Nxe5 dxe5 6. Qxd8+ Kxd8 7. Bc4 Bc5
8. Bxf7 Nf6 9. Bg5 Bd7 10. Nc3 a6 11. Bh4 Be7 12. O-O-O h6 13. Bxf6 Bxf6 14. Be6
Ke7 15. Bxd7 Bg5+ 16. Kb1 Rad8 17. h4 Bf6 18. Bf5 Rb8 19. Nd5+ Kf7 20. Nxc7 g6
21. Be6+ Ke7 22. Rd7+ Kf8 23. Rf7+ Kg8 24. Rxf6+ Kh7 25. Rf7+ Kg8 26. Nd5 Rh7
27. Nf6+ 1-0

[Event "AUTO-ADV-4804"]
[Site "http://www.queenalice.com/game.php?id=1841849"]
[Date "2024.8.14"]
[Round "1"]
[White "Rasumichin"]
[Black "jenyasm"]
[Result "1/2-1/2"]
[WhiteElo "1700"]
[BlackElo "1764"]

1. e4 e5 2. Nf3 Nc6 3. Bb5 d6 4. d4 exd4 5. Nxd4 Bd7 6. Be3 a6 7. Bd3 Nxd4 8.
Bxd4 Nf6 9. Nc3 Bc6 10. Qd2 h6 11. O-O-O Be7 12. Rde1 Nh5 13. g4 Bg5 14. Be3
Bxe3 15. Qxe3 Nf6 16. Rhg1 Bd7 17. Nd5 O-O 18. g5 hxg5 19. Qxg5 g6 20. Nxf6+ Kg7
21. Nh5+ Kh7 22. Nf6+ Kg7 23. e5 dxe5 24. Qxe5 Qxf6 25. Qxc7 Bc6 26. Bc4 Rac8
27. Qg3 b5 28. Qe5 Qxe5 29. Rxe5 bxc4 30. Rc5 Bb5 31. Rxc8 Rxc8 32. c3 Re8 33.
Kd2 Re4 34. f3 Rf4 35. Ke3 Rf5 36. Rg4 Kf6 37. h4 Re5+ 38. Kf4 Rf5+ 39. Ke4 Re5+
1/2-1/2

[Event "AUTO-ADV-4804"]
[Site "http://www.queenalice.com/game.php?id=1841850"]
[Date "2024.8.14"]
[Round "1"]
[White "jenyasm"]
[Black "Rasumichin"]
[Result "1-0"]
[WhiteElo "1732"]
[BlackElo "1712"]

1. e4 e5 2. Nf3 Nc6 3. Bc4 h6 4. h3 Bc5 5. O-O Nf6 6. Nc3 d6 7. Nh4 Nxe4 8. Nxe4
Qxh4 9. d3 Nd4 10. Nxc5 dxc5 11. c3 Be6 12. Bxe6 Nxe6 13. Qf3 c6 14. Re1 f6 15.
Re4 Nf4 16. Bxf4 O-O 17. Bg3 Qg5 18. Rd1 f5 19. Rxe5 Rfe8 20. Rxf5 Qe7 21. Qg4
Rad8 22. Bh4 g5 23. Qc4+ Kh8 24. Bg3 Qe2 25. Rf1 Rxd3 26. Qf7 Rdd8 27. Qf6+ Kg8
28. Qf7+ Kh8 29. Rf6 Qxf1+ 30. Kh2 1-0

[Event "AUTO-ADV-4804"]
[Site "http://www.queenalice.com/game.php?id=1841851"]
[Date "2024.8.14"]
[Round "1"]
[White "Rasumichin"]
[Black "Daniel1962"]
[Result "1/2-1/2"]
[WhiteElo "1677"]
[BlackElo "1731"]

1. e4 e5 2. Nf3 d6 3. d4 exd4 4. Nxd4 Nf6 5. Bg5 Be7 6. Nc3 Nxe4 7. Nxe4 d5 8.
Bxe7 Qxe7 9. Bd3 dxe4 10. Be2 Qb4+ 11. c3 Qxb2 12. O-O Qxc3 13. Rc1 Qa5 14. Qc2
f5 15. Qxc7 Qxc7 16. Rxc7 O-O 17. Nxf5 Bxf5 18. Bc4+ Kh8 19. Rxb7 Nc6 20. Bd5
Nd4 21. Rb4 Ne2+ 22. Kh1 Rad8 23. Bxe4 Bxe4 24. Re1 Bd3 25. Rb2 Rxf2 26. h3 Nf4
27. Rxf2 g5 28. Rf3 h5 29. Re5 Rg8 30. Ra5 Be4 31. Rf2 Nxh3 32. Re2 Re8 33. Rxa7
Nf4 34. Rd2 h4 35. Rd6 Bxg2+ 36. Kh2 g4 37. Rh6+ Kg8 38. Rxh4 Bf3 39. Ra4 Ng6
40. Rhxg4 Bxg4 41. Rxg4 Kf7 42. a4 Ne5 43. Rf4+ Ke6 44. Re4 Kd5 45. Rb4 Nc6 46.
Rb5+ Kc4 47. Kg3 Ra8 48. Rh5 Rxa4 49. Rh4+ Kb5 50. Rh5+ Kb6 51. Rh6 Kc5 52. Kf3
Rd4 53. Ke3 Ne5 54. Re6 Ng4+ 55. Kf3 Kd5 56. Re8 Kc4 57. Rc8+ Kd3 58. Rg8 Nh2+
59. Kg2 Ng4 60. Kg3 Ne5 61. Re8 Re4 62. Rd8+ Ke3 63. Ra8 Rg4+ 64. Kh3 Kf3 65.
Ra3+ Kf2 66. Ra2+ Kf3 67. Ra3+ Kf2 1/2-1/2

[Event "AUTO-ADV-4804"]
[Site "http://www.queenalice.com/game.php?id=1841852"]
[Date "2024.8.14"]
[Round "1"]
[White "Daniel1962"]
[Black "Rasumichin"]
[Result "1-0"]
[WhiteElo "1796"]
[BlackElo "1670"]

1. e4 e5 2. Bc4 Nf6 3. d3 Nc6 4. Bd2 Bc5 5. Bg5 h6 6. Bxf6 Qxf6 7. Nf3 d6 8. Nc3
Bg4 9. Nd5 Qd8 10. h3 Be6 11. c3 Na5 12. b4 Nxc4 13. bxc5 dxc5 14. dxc4 O-O 15.
Nxe5 Qd6 16. Nd3 c6 17. Ne3 Rad8 18. Nf5 Bxf5 19. exf5 Qxd3 20. Qxd3 Rxd3 21.
Rc1 Re8+ 22. Kf1 b5 23. cxb5 cxb5 24. g4 c4 25. Kg2 f6 26. f3 Re2+ 27. Kg3 Rxa2
28. Rhe1 Ra3 29. Re8+ Kf7 30. Rce1 Rd7 31. Rb8 Re7 32. Rb1 a6 33. Rd1 Re8 34.
Rd7+ Kf8 35. Rxe8+ Kxe8 36. Rxg7 Rxc3 37. h4 Rc1 38. Rg6 Rg1+ 39. Kf2 Rd1 40.
Rxf6 c3 41. Re6+ Kd7 42. Re2 b4 43. f6 Rd6 44. g5 hxg5 45. hxg5 b3 46. f7 c2 47.
f8=Q c1=Q 48. Re7+ 1-0

[Event "Challenge"]
[Site "http://www.queenalice.com/game.php?id=1844099"]
[Date "2024.9.22"]
[Round "-"]
[White "Charles56"]
[Black "Rasumichin"]
[Result "1-0"]
[WhiteElo "1743"]
[BlackElo "1659"]

1. e4 e5 2. Nf3 Nc6 3. a3 Bc5 4. Nc3 h6 5. Bc4 d6 6. h3 Nf6 7. d3 a6 8. Nd5 Be6
9. b4 Bd4 10. Nxd4 Nxd4 11. f4 Qe7 12. Be3 c5 13. Nxe7 Kxe7 14. bxc5 dxc5 15.
Bxe6 Nxe6 16. fxe5 Nd7 17. O-O b5 18. c3 a5 19. d4 c4 20. d5 Nd8 21. d6+ Ke8 22.
a4 b4 23. cxb4 axb4 24. Qd5 Rc8 25. Rac1 c3 26. Bd4 h5 27. Qb5 Rb8 28. Qd5 Nb6
29. Bxb6 Rxb6 30. d7+ 1-0

[Event "Let's Play Chess!"]
[Site "http://www.queenalice.com/game.php?id=1844114"]
[Date "2024.9.25"]
[Round "-"]
[White "Rasumichin"]
[Black "Charles56"]
[Result "1-0"]
[WhiteElo "1679"]
[BlackElo "1819"]

1. e4 e5 2. Nf3 d6 3. d4 exd4 4. Nxd4 h6 5. Be3 a6 6. Bd3 Nf6 7. h3 Be6 8. Nxe6
fxe6 9. Nd2 Nc6 10. a3 e5 11. Qe2 Be7 12. Nc4 Qd7 13. c3 g5 14. g4 h5 15. f3
hxg4 16. Bxg5 gxh3 17. O-O-O b5 18. Ne3 O-O-O 19. b4 Na7 20. Nf5 Rdg8 21. Qe3
Nc6 22. Rh2 Nd8 23. Qa7 Qc6 24. Nxe7+ Kd7 25. Nxc6 Nxc6 26. Qxa6 Rxg5 27. Qxb5
Rg2 28. Rdh1 Rg3 29. Bf1 Rxf3 30. Qe2 Rxc3+ 31. Kb2 Rg3 32. Bxh3+ Ke7 33. b5 Nd4
34. Qf1 Nxe4 35. a4 Rb3+ 36. Kc1 Ng3 37. Qg2 Rc3+ 38. Kd1 Rd3+ 39. Ke1 Nxh1 40.
Qg7+ 1-0

[Event "Rasumichin"]
[Site "http://www.queenalice.com/game.php?id=1844259"]
[Date "2024.9.25"]
[Round "2"]
[White "zmanomega"]
[Black "Rasumichin"]
[Result "0-1"]
[WhiteElo "1745"]
[BlackElo "1699"]

1. e4 e5 2. Nf3 Nc6 3. c3 d6 4. Bb5 Bd7 5. a4 a6 6. Bc4 Nh6 7. h4 Be7 8. d3 Bg4
9. Qd2 Qd7 10. b4 Be6 11. Na3 Ng4 12. Ng5 h6 13. Nf3 h5 14. Ng5 Bxg5 15. Qxg5 g6
16. Bxe6 Qxe6 17. Qd2 f5 18. f3 Nf6 19. g3 f4 20. Nc4 fxg3 21. Qg2 Qf7 22. Qxg3
O-O-O 23. a5 Ne7 24. Be3 d5 25. Nxe5 Qh7 26. Ba7 Rhg8 27. Rc1 Nd7 28. c4 Nxe5
29. Qxe5 dxe4 30. Qxe4 Rde8 31. Kf2 Nc6 32. Qd5 Nxa7 33. Rce1 Rd8 34. Qe4 Qh6
35. Re2 Nc6 36. b5 Nxa5 37. bxa6 bxa6 38. Qa8+ Kd7 39. Qd5+ Kc8 40. Qxa5 g5 41.
Rh2 Rxd3 42. Re7 Qd6 43. Re5 Rd2+ 44. Qxd2 Qxd2+ 45. Re2 Qd4+ 46. Kf1 Qxc4 47.
Rg2 Qxh4 48. Ra2 Rf8 49. Ra3 Qh3 50. Re3 Rxf3+ 51. Rxf3 Qxf3+ 0-1

[Event "Let's Play Chess!"]
[Site "http://www.queenalice.com/game.php?id=1846401"]
[Date "2024.10.30"]
[Round "-"]
[White "Charles56"]
[Black "Rasumichin"]
[Result "0-1"]
[WhiteElo "1848"]
[BlackElo "1717"]

1. Nf3 d5 2. d4 Nc6 3. h3 h6 4. e3 e5 5. dxe5 Be6 6. Bb5 Ne7 7. Nc3 a6 8. Ba4 b5
9. Bb3 Nf5 10. Nxd5 Rb8 11. a3 a5 12. O-O a4 13. Ba2 Bc5 14. Nf4 Bxa2 15. Qxd8+
Rxd8 16. b4 axb3 17. cxb3 Bxb3 18. e4 Nfd4 19. Nxd4 Bxd4 20. Rb1 Bc2 21. Rxb5
Nxe5 22. Be3 Bxe3 23. Rxe5+ Kd7 24. Rd5+ Kc8 25. fxe3 Bxe4 26. Re5 Rhe8 27. Rxe8
Rxe8 28. Re1 g5 29. Nh5 f5 30. Nf6 Re6 31. Rd1 Rxf6 32. g3 Ra6 33. Ra1 c5 34.
Rc1 Ra5 35. Rc3 Kc7 36. Kf2 Kc6 37. h4 g4 38. Ke2 Bf3+ 39. Kd3 Kd5 40. Rb3 c4+
0-1

[Event "Let's Play Chess!"]
[Site "http://www.queenalice.com/game.php?id=1846518"]
[Date "2024.11.2"]
[Round "-"]
[White "harvir"]
[Black "Rasumichin"]
[Result "1-0"]
[WhiteElo "1518"]
[BlackElo "1715"]

1. g4 e5 2. f4 f6 3. Nf3 d5 4. fxe5 fxe5 5. Nxe5 Nf6 6. h3 Be6 7. d3 Bd6 8. Nf3
Nc6 9. Bg2 Bg3+ 10. Kd2 Qd6 11. e3 h6 12. Nc3 d4 13. Nb5 Qb4+ 14. Nc3 dxc3+ 15.
bxc3 Qd6 16. Nd4 Nxd4 17. cxd4 O-O-O 18. c4 Qb6 19. Qf3 Bh4 20. Ba3 Qa5+ 21. Ke2
Qxa3 22. Qxb7+ Kd7 23. d5 Bf7 24. Qc6+ Ke7 25. Qxc7+ Rd7 26. Qe5+ Kf8 27. Rhb1
g5 28. Qxf6 Rh7 29. Rb8+ 1-0

[Event "Let's Play Chess!"]
[Site "http://www.queenalice.com/game.php?id=1846931"]
[Date "2024.11.12"]
[Round "-"]
[White "Charles56"]
[Black "Rasumichin"]
[Result "0-1"]
[WhiteElo "1728"]
[BlackElo "1738"]

1. Nc3 e5 2. e4 Nf6 3. Bb5 Bb4 4. d3 c6 5. Ba4 O-O 6. Bb3 d5 7. Bd2 d4 8. Nb1
Qe7 9. h3 Nbd7 10. a3 Bd6 11. Bg5 h6 12. Bd2 Nc5 13. Ba2 Be6 14. Bxe6 Qxe6 15.
g4 g5 16. f3 Rfe8 17. Qe2 Kg7 18. h4 Rh8 19. hxg5 hxg5 20. Rxh8 Rxh8 21. Bxg5
Be7 22. Nd2 Rh1 23. Qg2 Rh8 24. Ne2 a5 25. O-O-O Qa2 26. Nb1 Na4 27. f4 Qxb2+
28. Kd2 Bd6 29. f5 Bxa3 30. Bxf6+ Kxf6 31. g5+ Ke7 32. g6 Bb4+ 33. Nbc3 Bxc3+
34. Nxc3 Qxc3+ 35. Ke2 Qxc2+ 36. Rd2 Nc3+ 37. Kf3 Qc1 38. g7 Rg8 39. Qg5+ f6 40.
Qg2 Kf7 41. Rb2 Qf4# 0-1

[Event "Let's Play Chess!"]
[Site "http://www.queenalice.com/game.php?id=1847285"]
[Date "2024.11.18"]
[Round "-"]
[White "Rasumichin"]
[Black "Charles56"]
[Result "0-1"]
[WhiteElo "1726"]
[BlackElo "1739"]

1. e4 e5 2. Nf3 d6 3. d4 exd4 4. Nxd4 a6 5. Be3 Nf6 6. Bd3 Bd7 7. Nc3 Nc6 8. a3
Nxd4 9. Bxd4 Bg4 10. f3 Bh5 11. Qd2 Qd7 12. g4 Bg6 13. Bxf6 gxf6 14. Nd5 Bg7 15.
h4 h6 16. Qb4 O-O-O 17. O-O-O h5 18. Rhg1 hxg4 19. Rxg4 Rh5 20. Nf4 Rh6 21. Nxg6
fxg6 22. Re1 f5 23. Rf4 fxe4 24. Bxe4 c6 25. Rd1 d5 26. Bd3 Rdh8 27. Re1 Qd8 28.
Qe7 Bf8 29. Qe6+ Kb8 30. Bxg6 Rxh4 31. Qe5+ Bd6 32. Rxh4 Bxe5 33. Rxh8 Qxh8 34.
f4 Bxf4+ 35. Kb1 Be5 36. c3 Qh6 37. Rg1 Bh2 38. Rg2 Qf4 39. Bc2 Qf1+ 40. Ka2
Qxg2 41. Kb3 c5 0-1

[Event "AUTO-INT-3864"]
[Site "http://www.queenalice.com/game.php?id=1847615"]
[Date "2024.11.22"]
[Round "2"]
[White "SGF"]
[Black "Rasumichin"]
[Result "1-0"]
[WhiteElo "1793"]
[BlackElo "1740"]

1. e4 e5 2. Qf3 Qf6 3. Bc4 Bc5 4. c3 d6 5. d3 Be6 6. Bxe6 Qxe6 7. Ne2 Nf6 8. h4
h5 9. b4 Bb6 10. a4 d5 11. a5 Bxf2+ 12. Qxf2 Ng4 13. Qg3 Nc6 14. O-O a6 15. Bg5
f6 16. Be3 d4 17. cxd4 Nxb4 18. Bd2 Nc6 19. Nbc3 O-O-O 20. d5 Qd6 21. dxc6 Qxc6
22. Nd5 Qc5+ 23. Be3 Nxe3 24. Nxe3 Rhg8 25. Rfc1 Qe7 26. Nd5 Qf7 27. Nxc7 Kb8
28. d4 Ka7 29. dxe5 fxe5 30. Qxe5 Rd7 31. Rab1 Rc8 32. Qc5+ Kb8 33. Nxa6+ Ka8
34. Qxc8+ Ka7 35. Nc5 Rc7 36. Rxb7+ Rxb7 37. Qxb7+ Qxb7 38. Nxb7 Kxb7 39. e5 1-0

[Event "AUTO-INT-3864"]
[Site "http://www.queenalice.com/game.php?id=1847616"]
[Date "2024.11.22"]
[Round "2"]
[White "Rasumichin"]
[Black "SGF"]
[Result "0-1"]
[WhiteElo "1754"]
[BlackElo "1796"]

1. e4 e5 2. Nf3 Qf6 3. Nc3 c6 4. d4 d6 5. d5 Bg4 6. Be2 Be7 7. h3 Bxf3 8. Bxf3
g6 9. Be3 h5 10. h4 Nd7 11. Bg5 Qg7 12. Qd2 Bxg5 13. hxg5 Ne7 14. Qe3 a6 15. Na4
b5 16. dxc6 Nxc6 17. Nc3 Nd4 18. O-O-O Rc8 19. g3 b4 20. Ne2 Nxc2 21. Qd2 Ne3+
22. Kb1 Nxd1 23. Rxd1 Qf8 24. Qxd6 Qxd6 25. Rxd6 h4 26. Bg4 h3 27. Bxd7+ Ke7 28.
Bxc8 Kxd6 29. Bxh3 Rxh3 30. b3 Rh2 31. g4 Rxf2 32. Nc1 Rf4 33. Nd3 Rxe4 34. Nf2
Re1+ 35. Nd1 Rxd1+ 36. Kc2 Rg1 37. Kd3 Rxg4 38. Ke3 Rxg5 0-1

[Event "Capixaba789-3"]
[Site "http://www.queenalice.com/game.php?id=1847859"]
[Date "2024.11.26"]
[Round "4"]
[White "Pumpernickel"]
[Black "Rasumichin"]
[Result "1-0"]
[WhiteElo "2158"]
[BlackElo "1677"]

1. e4 e5 2. d4 exd4 3. Qxd4 Nc6 4. Qc4 Ne5 5. Qe2 Nf6 6. Nf3 Nxf3+ 7. gxf3 Be7
8. Nc3 d5 9. Bg5 h6 10. Bxf6 Bxf6 11. Nxd5 Bxb2 12. Qb5+ c6 13. Qxb2 cxd5 14.
Bb5+ Bd7 15. O-O-O Qg5+ 16. Kb1 Bxb5 17. Qxb5+ Ke7 18. Rxd5 a6 19. Qxb7+ Kf6 20.
Qc6+ Ke7 21. Rd7+ Kf8 22. Qxa8+ 1-0

[Event "Let's Play Chess!"]
[Site "http://www.queenalice.com/game.php?id=1849734"]
[Date "2025.1.4"]
[Round "-"]
[White "Rasumichin"]
[Black "Charles56"]
[Result "0-1"]
[WhiteElo "1652"]
[BlackElo "1823"]

1. e4 e5 2. Nf3 d6 3. d4 exd4 4. Nxd4 h6 5. Be2 Bd7 6. Nc3 Nc6 7. a3 Nxd4 8.
Qxd4 Nf6 9. Nd5 Nxd5 10. exd5 Qe7 11. Qd3 g6 12. Bd2 a6 13. c4 b5 14. b3 Bg7 15.
Bc3 Bxc3+ 16. Qxc3 f6 17. Qd3 Bf5 18. Qf3 Kf7 19. O-O h5 20. Rfe1 Qd7 21. Bd3
Rae8 22. Bxf5 Qxf5 23. Qxf5 gxf5 24. h4 f4 25. f3 Rhg8 26. Kf2 bxc4 27. bxc4 f5
28. Re2 Rxg2+ 29. Kxg2 Rxe2+ 30. Kf1 Rc2 31. Re1 Rxc4 32. Re6 Rc3 33. Rh6 Rxa3
34. Rxh5 Rxf3+ 35. Kg2 Rg3+ 36. Kh2 Kg6 37. Rh8 Rg4 38. h5+ Kg7 39. Rc8 Rh4+ 40.
Kg2 Rxh5 41. Rxc7+ Kf6 42. Rc6 Ke5 43. Rxa6 Kxd5 44. Kf3 Ke5 45. Ra5+ Ke6 46.
Kxf4 Rh4+ 47. Kg5 Rg4+ 48. Kh5 d5 49. Ra6+ Ke5 50. Ra5 Ke4 51. Rb5 d4 52. Rb3 d3
53. Rb1 d2 54. Rd1 Ke3 55. Rf1 Rf4 56. Rh1 Ke2 57. Kg5 Rf2 58. Rg1 d1=Q 59. Rxd1
Kxd1 60. Kh4 Rg2 0-1